header

Latex & synthetic polymer dispersions 2013. (Record no. 84897)

MARC details
000 -LEADER
fixed length control field 01507nam a2200397 i 4500
001 - CONTROL NUMBER
control field ebr10828016
003 - CONTROL NUMBER IDENTIFIER
control field CaPaEBR
006 - FIXED-LENGTH DATA ELEMENTS--ADDITIONAL MATERIAL CHARACTERISTICS--GENERAL INFORMATION
fixed length control field m o d
007 - PHYSICAL DESCRIPTION FIXED FIELD--GENERAL INFORMATION
fixed length control field cr cn|||||||||
008 - FIXED-LENGTH DATA ELEMENTS--GENERAL INFORMATION
fixed length control field 100908s2013 enka ob 100 0 eng d
020 ## - INTERNATIONAL STANDARD BOOK NUMBER
International Standard Book Number 9781909030572 (e-book)
Cancelled/invalid ISBN 9781909030565
040 ## - CATALOGING SOURCE
Original cataloging agency CaPaEBR
Language of cataloging eng
Description conventions rda
-- pn
Transcribing agency CaPaEBR
035 ## - SYSTEM CONTROL NUMBER
System control number (OCoLC)874146246
050 14 - LIBRARY OF CONGRESS CALL NUMBER
Classification number TS1890
Item number .L38 2013eb
082 04 - DEWEY DECIMAL CLASSIFICATION NUMBER
Classification number 668.9
Edition number 22
245 00 - TITLE STATEMENT
Title Latex & synthetic polymer dispersions 2013.
246 3# - VARYING FORM OF TITLE
Title proper/short title Latex and synthetic polymer dispersions 2013
264 #1 - PRODUCTION, PUBLICATION, DISTRIBUTION, MANUFACTURE, AND COPYRIGHT NOTICE
Place of production, publication, distribution, manufacture London :
Name of producer, publisher, distributor, manufacturer Smithers Rapra Technology,
Date of production, publication, distribution, manufacture, or copyright notice 2013.
300 ## - PHYSICAL DESCRIPTION
Extent 1 online resource (158 pages) :
Other physical details illustrations
336 ## - CONTENT TYPE
Content type term text
Source rdacontent
337 ## - MEDIA TYPE
Media type term computer
Source rdamedia
338 ## - CARRIER TYPE
Carrier type term online resource
Source rdacarrier
504 ## - BIBLIOGRAPHY, ETC. NOTE
Bibliography, etc Includes bibliographical references.
588 ## - SOURCE OF DESCRIPTION NOTE
Source of description note Description based on print version record.
590 ## - LOCAL NOTE (RLIN)
Local note Electronic reproduction. Palo Alto, Calif. : ebrary, 2014. Available via World Wide Web. Access may be limited to ebrary affiliated libraries.
650 #0 - SUBJECT ADDED ENTRY--TOPICAL TERM
Topical term or geographic name as entry element Latex
Form subdivision Congresses.
Topical term or geographic name as entry element Latex, Synthetic
Form subdivision Congresses.
Topical term or geographic name as entry element Water-soluble polymers
Form subdivision Congresses.
Topical term or geographic name as entry element Dispersing agents
Form subdivision Congresses.
Topical term or geographic name as entry element Surgical gloves
Form subdivision Congresses.
655 #0 - INDEX TERM--GENRE/FORM
Genre/form data or focus term Electronic books.
710 2# - ADDED ENTRY--CORPORATE NAME
Corporate name or jurisdiction name as entry element Smithers Rapra (Firm)
797 2# - LOCAL ADDED ENTRY--CORPORATE NAME (RLIN)
Corporate name or jurisdiction name as entry element ebrary.
856 40 - ELECTRONIC LOCATION AND ACCESS
Uniform Resource Identifier <a href="http://site.ebrary.com/lib/rucke/Doc?id=10828016">http://site.ebrary.com/lib/rucke/Doc?id=10828016</a>
Public note An electronic book accessible through the World Wide Web; click to view

No items available.

© 2026 Rongo University
Contact us: librarian | system librarian | Rongo university